THE PROJECT "SUPPORT AND PROGRESS OF ESD IN VOJVODINA" HAVE STARTED

Bibliographic Details
Main Author: Vincík, Miloš (Author)
Format: Article
Language:English

MARC

LEADER 00000nab a2200000uu 4500
001 vtls011157099
003 SK-MaSNL
005 20260303130022.0
008 230218|2005 xo |||||||||||||||||eng|
015 |a SNBRB 
035 |a (urnnbn)urn:nbn:sk:snk:ar-a0aefm 
035 |a (uuid)832db460-9f4e-4118-a765-b9073d41269b 
035 |a urn:nbn:sk:snk-abb58c 
040 |a SNKBUCL  |b slo  |c SNKBUCL  |e AACR2 
041 0 |a eng 
044 |a xo  |c SK 
100 1 |a Vincík, Miloš  |4 aut  |9 423207 
245 1 0 |a THE PROJECT "SUPPORT AND PROGRESS OF ESD IN VOJVODINA" HAVE STARTED  |c Miloš Vincík 
773 0 |t Environmental management for education and edification : an international journal for theory and practice in environmental management for education and edification  |g Roč. 2, č. 2 (2005), s. 72-74 
958 |a OND 
958 |a EUIPO 
958 |a article14 
999 |c 1937814  |d 1939744